000 00440nam a22001697a 4500
999 _c11798
_d11798
008 210109b ||||| |||| 00| 0 eng d
020 _a9780415584388
082 _a621.042
_bTWI
100 _a Twidell, John
245 _aRenewable energy resources
250 _a3rd Ed.
260 _aNew York
_bRoutledge
_c2015
300 _axxxi, 784p.
650 _aRenewable energy sources
700 _aWeir, Anthony D.
_aWeir, Tony
942 _cBB